[Event "Llinars del Valles op-A 6th"]
[Site "Llinars del Valles"]
[Date "2012.05.26"]
[Round "7"]
[White "Ruiz Alba, Daniel"]
[Black "Fernandez Pena, Pere Emilio"]
[Result "1-0"]
[WhiteElo "1793"]
[BlackElo "2241"]
[PlyCount "77"]
[EventDate "2012.04.14"]
[EventType "swiss"]
[EventRounds "9"]
[EventCountry "ESP"]
[SourceTitle "EXT 2013"]
[Source "ChessBase"]
[SourceDate "2012.11.22"]
[SourceVersion "1"]
[SourceVersionDate "2012.11.22"]
[SourceQuality "1"]

1. f4 Nf6 2. Nf3 d5 3. e3 Bg4 4. b3 e6 5. Bb2 Bd6 6. h3 Bxf3 7. Qxf3 Qe7 8. a4 Nbd7 9. Be2 e5 10. 0-0 0-0 11. Kh1 Rae8 12. Bd1 c6 13. Nc3 exf4 14. exf4 Ne4 15. Nxe4 dxe4 16. Qe3 Bc5 17. Qg3 f5 18. Be2 Nf6 19. Rad1 Rd8 20. Rfe1 Rd7 21. Qg5 Nd5 22. Qxe7 Rxe7 23. Be5 Rd8 24. Bc4 Kf8 25. g4 Bd6 26. Bxd5 cxd5 27. Bxd6 Rxd6 28. d3 g6 29. Kg2 Rc6 30. c4 dxc4 31. dxc4 Rb6 32. Re3 Kf7 33. Rd5 Kf6 34. Kg3 Ke6 35. Re5+ Kf6 36. Rd5 Ree6 37. Rd7 h6 38. Rh7 Red6 39. c5 1-0

[Event "Llinars del Valles op-A 6th"]
[Site "Llinars del Valles"]
[Date "2012.05.12"]
[Round "5"]
[White "Morais Carreras, Javier"]
[Black "Ruiz Alba, Daniel"]
[Result "1-0"]
[WhiteElo "1988"]
[BlackElo "1793"]
[PlyCount "69"]
[EventDate "2012.04.14"]
[EventType "swiss"]
[EventRounds "9"]
[EventCountry "ESP"]
[SourceTitle "EXT 2013"]
[Source "ChessBase"]
[SourceDate "2012.11.22"]
[SourceVersion "1"]
[SourceVersionDate "2012.11.22"]
[SourceQuality "1"]

1. e4 e5 2. Nf3 Nc6 3. d4 exd4 4. Nxd4 Bc5 5. Be3 Qf6 6. Nb5 Bxe3 7. fxe3 Qd8 8. Qg4 g6 9. Qf4 d6 10. Bc4 Ne5 11. 0-0 Qe7 12. N1c3 g5 13. Qf2 c6 14. Bxf7+ Nxf7 15. Qxf7+ Kd8 16. Nxd6 Kc7 17. Rad1 Bg4 18. Rd2 Rd8 19. e5 Be6 20. Qh5 Rd7 21. Nce4 Bd5 22. Nc5 Qxe5 23. Nxd7 Qxe3+ 24. Rdf2 Kxd6 25. Nf8 Ne7 26. Qh6+ Kc7 27. Kh1 Bc4 28. Rf3 Qe5 29. Rd1 Bd5 30. Rff1 Nf5 31. Rxf5 Qxf5 32. Qg7+ Kb6 33. Qxh8 Qf2 34. Qd4+ Qxd4 35. Rxd4 1-0

[Event "Roncana op-A 5th"]
[Site "Santa Eulalia de Roncana"]
[Date "2011.11.26"]
[Round "8"]
[White "Ruiz Alba, Daniel"]
[Black "Villar Reyes, Ramon"]
[Result "1-0"]
[WhiteElo "1770"]
[BlackElo "1690"]
[PlyCount "53"]
[EventDate "2011.10.01"]
[EventType "swiss"]
[EventRounds "8"]
[EventCountry "ESP"]
[SourceTitle "EXT 2013"]
[Source "ChessBase"]
[SourceDate "2012.11.22"]
[SourceVersion "1"]
[SourceVersionDate "2012.11.22"]
[SourceQuality "1"]

1. e4 c5 2. Nf3 e6 3. d4 cxd4 4. Nxd4 a6 5. Be2 Nf6 6. Nd2 Qc7 7. 0-0 Bc5 8. N4b3 Ba7 9. Bd3 0-0 10. Qf3 Nc6 11. Qh3 Nb4 12. Nf3 Nxd3 13. cxd3 d6 14. Bg5 e5 15. Qg3 Qe7 16. Kh1 h6 17. Bd2 Kh7 18. Qh4 Bg4 19. Ng5+ Kg8 20. Nh3 Qe6 21. Ng1 Bh5 22. h3 Rac8 23. Bc3 Bg6 24. Ne2 d5 25. f4 exf4 26. Nxf4 Qd6 27. e5 1-0

[Event "Mollet del Valles op 2nd"]
[Site "Mollet del Valles"]
[Date "2011.05.07"]
[Round "2"]
[White "Ruiz Alba, Daniel"]
[Black "Diaz Doblas, Juan"]
[Result "1-0"]
[WhiteElo "1783"]
[BlackElo "1685"]
[PlyCount "75"]
[EventDate "2011.04.30"]
[EventType "swiss"]
[EventRounds "8"]
[EventCountry "ESP"]
[SourceTitle "EXT 2024"]
[Source "ChessBase"]
[SourceDate "2023.10.10"]
[SourceVersion "1"]
[SourceVersionDate "2023.10.10"]
[SourceQuality "1"]

1. e4 d5 2. exd5 Nf6 3. Nf3 Nxd5 4. d4 Bg4 5. Be2 e6 6. 0-0 Bd6 7. c4 Nf6 8. Bg5 h6 9. Bh4 0-0 10. Nc3 Nbd7 11. Ne5 Nxe5 12. dxe5 Bxe5 13. Bxg4 Qxd1 14. Bxd1 c6 15. Re1 Bxc3 16. bxc3 g5 17. Bg3 Rfd8 18. Be5 Ne8 19. Bf3 f6 20. Bd4 e5 21. Be3 Nd6 22. Be2 Nf5 23. Rad1 Nxe3 24. fxe3 Kf8 25. Rxd8+ Rxd8 26. Rd1 Rxd1+ 27. Bxd1 b6 28. Kf2 Ke7 29. Kf3 f5 30. e4 Kf6 31. exf5 Kxf5 32. Bc2+ Kf6 33. Ke4 Ke6 34. Bd1 a6 35. Bb3 Kf6 36. g4 b5 37. cxb5 axb5 38. a4 1-0

[Event "Cerdanyola del Valles op 28th"]
[Site "Cerdanyola del Valles"]
[Date "2010.11.13"]
[Round "7"]
[White "Ruiz Alba, Daniel"]
[Black "Penalver Guardia, Francesco"]
[Result "1-0"]
[WhiteElo "1779"]
[BlackElo "1888"]
[PlyCount "91"]
[EventDate "2010.10.02"]
[EventType "swiss"]
[EventRounds "7"]
[EventCountry "ESP"]
[SourceTitle "EXT 2012"]
[Source "ChessBase"]
[SourceDate "2011.11.24"]
[SourceVersion "1"]
[SourceVersionDate "2011.11.24"]
[SourceQuality "1"]

1. e4 e5 2. Nc3 Nc6 3. f4 d6 4. Nf3 Bg4 5. d3 Nd4 6. Be2 Bxf3 7. Bxf3 c6 8. 0-0 Nf6 9. Be3 c5 10. Ne2 Nxe2+ 11. Qxe2 Qb6 12. Rab1 a5 13. Qf2 Be7 14. f5 h6 15. Qg3 Kf8 16. Bd1 Qc6 17. c3 Nh7 18. Bb3 Bf6 19. Bd5 Qc7 20. Rfc1 Ra7 21. b4 b6 22. Qf2 Bg5 23. bxc5 Bxe3 24. Qxe3 bxc5 25. d4 Ke7 26. dxe5 dxe5 27. Rb5 Rc8 28. Rcb1 Qd6 29. Rb6 Qd7 30. Rb7 Rxb7 31. Rxb7 Rc7 32. Rb1 Nf6 33. Bb3 c4 34. Bc2 Qd6 35. Qg3 Qc5+ 36. Kh1 Qa3 37. Qxe5+ Kd7 38. Qb5+ Ke7 39. Qe5+ Kd7 40. Qd4+ Ke7 41. e5 Ne8 42. f6+ gxf6 43. exf6+ Kf8 44. Qf4 Qxa2 45. Qxh6+ Kg8 46. Qh7+ 1-0

[Event "Llinars del Valles op-A 4th"]
[Site "Llinars del Valles"]
[Date "2010.05.15"]
[Round "6"]
[White "Campos Cayuelas, Adria"]
[Black "Ruiz Alba, Daniel"]
[Result "0-1"]
[WhiteElo "1871"]
[BlackElo "1782"]
[PlyCount "128"]
[EventDate "2010.04.10"]
[EventType "swiss"]
[EventRounds "7"]
[EventCountry "ESP"]
[SourceTitle "EXT 2012"]
[Source "ChessBase"]
[SourceDate "2011.11.24"]
[SourceVersion "1"]
[SourceVersionDate "2011.11.24"]
[SourceQuality "1"]

1. e4 e5 2. Nf3 f5 3. Nxe5 Qf6 4. d4 d6 5. Nc4 fxe4 6. Nc3 Bf5 7. Be3 c6 8. d5 c5 9. Nb5 Qd8 10. Bf4 Bg6 11. Nbxd6+ Bxd6 12. Nxd6+ Kf8 13. f3 exf3 14. Qxf3 Nf6 15. 0-0-0 Bh5 16. Qc3 Bxd1 17. Qxc5 Nbd7 18. Qa3 Qe7 19. Kxd1 Nxd5 20. Bg3 b6 21. Qf3+ N7f6 22. Bd3 Qe3 23. Qf5 Qxg3 24. hxg3 Ne3+ 25. Ke2 Nxf5 26. Bxf5 Ke7 27. Nb5 Rhd8 28. Re1 Kf7 29. Kf3 Kf8 30. Nc7 Rac8 31. Ne6+ Kf7 32. Nxd8+ Rxd8 33. g4 h6 34. Re3 g6 35. Be6+ Kf8 36. Rc3 Ke7 37. Bb3 Rd7 38. Re3+ Kf8 39. Re6 Rf7 40. Kg3 Kg7 41. a4 Rc7 42. Re5 g5 43. Kf3 Nd7 44. Re7+ Kf6 45. Rf7+ Kg6 46. Ke3 Rxc2 47. Rxd7 Rxg2 48. Bf7+ Kf6 49. b3 Rxg4 50. Rxa7 h5 51. Bc4 h4 52. Ra6 Ke5 53. Rxb6 Re4+ 54. Kf2 Rf4+ 55. Ke3 Re4+ 56. Kf2 Rf4+ 57. Kg2 Rd4 58. Re6+ Kf5 59. Re3 g4 60. a5 Kf4 61. Re2 h3+ 62. Kh2 Kf3 63. a6 Rd7 64. Be6 g3+ 0-1

[Event "Llinars del Valles op-A 4th"]
[Site "Llinars del Valles"]
[Date "2010.05.01"]
[Round "4"]
[White "Martin Perez, Laura"]
[Black "Ruiz Alba, Daniel"]
[Result "0-1"]
[WhiteElo "1743"]
[BlackElo "1782"]
[PlyCount "96"]
[EventDate "2010.04.10"]
[EventType "swiss"]
[EventRounds "7"]
[EventCountry "ESP"]
[SourceTitle "EXT 2012"]
[Source "ChessBase"]
[SourceDate "2011.11.24"]
[SourceVersion "1"]
[SourceVersionDate "2011.11.24"]
[SourceQuality "1"]

1. e4 e5 2. Nf3 f5 3. exf5 e4 4. Nd4 Nf6 5. d3 exd3 6. Bxd3 Be7 7. 0-0 0-0 8. Re1 c5 9. Nf3 d5 10. c3 Nc6 11. Ng5 Qc7 12. Nd2 h6 13. Ne6 Bxe6 14. fxe6 Ne5 15. Be2 Bd6 16. g3 Rae8 17. f4 Nc6 18. Bf3 Qc8 19. Nf1 d4 20. Qb3 Re7 21. Nd2 Kh8 22. Bg2 Rd8 23. Nf3 Bc7 24. Nh4 Ree8 25. Bh3 Ne7 26. Bd2 Rd6 27. cxd4 cxd4 28. Qd3 Kg8 29. Rac1 Qd8 30. Bb4 Rc6 31. Bxe7 Qxe7 32. Rxc6 bxc6 33. Nf5 Qb4 34. Re2 c5 35. a3 Qb6 36. Nxh6+ Kh8 37. Nf7+ Kg8 38. Qc4 d3 39. Rd2 Qa5 40. Qxd3 c4 41. Qc3 Qc5+ 42. Kf1 Ne4 43. Qc2 Nxd2+ 44. Qxd2 Bb6 45. Ne5 Qg1+ 46. Ke2 Qxh2+ 47. Kd1 Qxh3 48. Nxc4 Qf1+ 0-1

[Event "Llinars del Valles op-A 4th"]
[Site "Llinars del Valles"]
[Date "2010.04.24"]
[Round "3"]
[White "Ruiz Alba, Daniel"]
[Black "Vizcaino Marin, Jose Luis"]
[Result "0-1"]
[WhiteElo "1782"]
[BlackElo "1877"]
[PlyCount "94"]
[EventDate "2010.04.10"]
[EventType "swiss"]
[EventRounds "7"]
[EventCountry "ESP"]
[SourceTitle "EXT 2012"]
[Source "ChessBase"]
[SourceDate "2011.11.24"]
[SourceVersion "1"]
[SourceVersionDate "2011.11.24"]
[SourceQuality "1"]

1. e4 e6 2. Qe2 c5 3. d3 Nc6 4. c3 d6 5. g3 Nf6 6. Bg2 Be7 7. Nf3 Qc7 8. 0-0 0-0 9. h3 b6 10. Nh2 Ba6 11. f4 Rad8 12. Rd1 e5 13. Ng4 Bc8 14. f5 d5 15. Nxf6+ Bxf6 16. Nd2 dxe4 17. Nxe4 Bxf5 18. Nxf6+ gxf6 19. Bh6 Rd6 20. Bxf8 Kxf8 21. g4 Bg6 22. Be4 Ne7 23. Rf1 Kg7 24. Rf3 Bxe4 25. Qxe4 h6 26. Rd1 Ng6 27. Rf2 Nf4 28. Kh2 Qd8 29. Rfd2 Ne6 30. a3 Ng5 31. Qe3 e4 32. Kh1 exd3 33. Rxd3 Qa8+ 34. Kg1 Re6 35. Qf2 Qe8 36. Kf1 Qb5 37. Kg1 Qe8 38. R1d2 c4 39. Rf3 Nxf3+ 40. Qxf3 Re3 41. Qf1 Qe5 42. Qf2 Re1+ 43. Kg2 Qe4+ 44. Kg3 Re3+ 45. Kh2 Rf3 46. Qg2 Qf4+ 47. Kg1 Rg3 0-1

[Event "Llinars del Valles op 3rd"]
[Site "Llinars del Valles"]
[Date "2009.05.09"]
[Round "4"]
[White "Ruiz Alba, Daniel"]
[Black "Lafuente Ruiz, Jose Manuel"]
[Result "1-0"]
[WhiteElo "1637"]
[BlackElo "1782"]
[PlyCount "81"]
[EventDate "2009.04.18"]
[EventType "swiss"]
[EventRounds "7"]
[EventCountry "ESP"]
[SourceTitle "EXT 2011"]
[Source "ChessBase"]
[SourceDate "2010.11.26"]
[SourceVersion "1"]
[SourceVersionDate "2010.11.26"]
[SourceQuality "1"]

1. e4 e5 2. Nc3 Nf6 3. f4 d6 4. d3 Nc6 5. Nf3 Be7 6. Be2 exf4 7. Bxf4 h6 8. h3 Nh5 9. Be3 Ng3 10. Rg1 f5 11. Bf2 f4 12. Qd2 0-0 13. Nd5 Bf6 14. 0-0-0 Ne5 15. Nxf4 Nxe2+ 16. Nxe2 c5 17. Nxe5 Bxe5 18. Be3 Qf6 19. c3 Be6 20. d4 cxd4 21. cxd4 Bxa2 22. dxe5 dxe5 23. Qd6 Rac8+ 24. Nc3 Qh4 25. Qg6 Rf6 26. Qg4 Qxg4 27. hxg4 b5 28. Kd2 Bb3 29. Rc1 Rd8+ 30. Ke1 Rc6 31. Kf2 Bc4 32. Rgd1 Rf8+ 33. Kg1 Rg6 34. Bxa7 Rxg4 35. Bc5 Rg6 36. Bxf8 Kxf8 37. Rd8+ Ke7 38. Rcd1 Rg4 39. R8d7+ Kf6 40. R1d6+ Kg5 41. Rxg7+ 1-0